[Event "Memorial Sakharov"]
[Site "masterchessopen.com Kiev (Ukraine)"]
[Date "2005.07.09"]
[Round "6"]
[White "Grinev Valeriy (UKR)"]
[Black "Baryshpolets Andrey (UKR)"]
[Result "1/2-1/2"]
[WhiteElo "2258"]
[BlackElo "2198"]

1.d4 Nf6 2.c4 g6 3.Nc3 Bg7 4.e4 d6 5.f4 O-O 6.Nf3 c5 7.dxc5 Qa5 8.Bd3 Qxc5
9.Qe2 Nc6 10.Be3 Qa5 11.O-O Bg4 12.Rac1 Nd7 13.Qf2 Bxf3 14.gxf3 Nc5 15.Bb1 Qb4
16.Rfd1 Rfc8 17.Qe2 Na4 18.Nxa4 Qxa4 19.b3 Qb4 20.Kh1 Nd8 21.f5 a5 22.Bg5 Nc6
23.Rd5 Qb6 24.c5 dxc5 25.fxg6 hxg6 26.Rdxc5 Rd8 27.Bd3 Nd4 28.Qf1 Ne6 29.Rb5
Qd4 30.Bxe7 Qxd3 31.Bxd8 Qxf1+ 32.Rxf1 Nxd8 33.f4 {#d} 1/2-1/2

[Event "It (open) (a)"]
[Site "masterchessopen.com Pardubice (Czech Republic)"]
[Date "2005.07.24"]
[Round "3"]
[White "Sechting Martin (GER)"]
[Black "Czarnota Dorota (POL)"]
[Result "0-1"]
[WhiteElo "2089"]
[BlackElo "2234"]

1.d4 Nf6 2.c4 g6 3.Nc3 Bg7 4.e4 d6 5.f4 O-O 6.Nf3 c5 7.dxc5 Qa5 8.Bd3 Qxc5
9.Qe2 Nc6 10.Be3 Qa5 11.O-O Ng4 12.Bd2 Nd4 13.Nxd4 Bxd4+ 14.Kh1 Qh5 15.h3 Nf6
16.Qxh5 Nxh5 17.Kh2 Bd7 18.Nd5 e6 19.Bc3 Bxc3 20.Nxc3 Bc6 21.g4 Nf6 22.Rad1
Rad8 23.Bb1 Rd7 24.b4 b6 25.g5 Nh5 26.Ne2 d5 27.Nd4 Ba4 28.Bc2 Bxc2 29.Nxc2
Rc7 30.exd5 exd5 31.Ne3 dxc4 32.f5 gxf5 33.Nd5 Rd7 34.Rxf5 Rfd8 35.g6 hxg6
36.Rxh5 Kg7 37.Rh7+ Kxh7 38.Nf6+ Kg7 39.Nxd7 c3 40.Kg2 c2 41.Rc1 Rxd7 42.Rxc2
Rd4 43.Rb2 b5 44.Kg3 Rd3+ 45.Kg2 a6 46.Rc2 f5 47.Kh2 Kh6 48.a4 bxa4 49.Rc6 Rb3
50.Rxa6 Rxb4 51.Kg3 Kg5 52.Kg2 Rb2+ 53.Kg3 f4+ 54.Kf3 Rb3+ 55.Kg2 Rg3+ 56.Kh2
Kh4 57.Rxa4 Rxh3+ 58.Kg2 g5 59.Ra5 Rc3 60.Ra8 Kg4 61.Ra2 f3+ 62.Kf2 Rc4 63.Rb2
Kf4 64.Rb8 Rc2+ 65.Ke1 g4 66.Rb4+ Kg3 67.Kf1 Rf2+ {#R} 0-1

[Event "Cup Independence (open)"]
[Site "masterchessopen.com Kiev (Ukraine)"]
[Date "2005.08.15"]
[Round "4"]
[White "Grinev Valeriy (UKR)"]
[Black "Onischuk Vladimir (UKR)"]
[Result "1/2-1/2"]
[WhiteElo "2258"]
[BlackElo "2362"]

1.d4 Nf6 2.c4 g6 3.Nc3 Bg7 4.e4 d6 5.f4 O-O 6.Nf3 c5 7.dxc5 Qa5 8.Bd3 Qxc5
9.Qe2 Nc6 10.Be3 Qa5 11.O-O Bg4 12.Qf2 Bxf3 13.gxf3 Nd7 14.Rac1 Nc5 15.Bb1
Rac8 16.Nd5 e6 17.b4 Nxb4 18.Ne7+ Kh8 19.Nxc8 Rxc8 20.Rfd1 Qa3 21.Bd4 Nc6
22.Bxg7+ Kxg7 23.e5 dxe5 24.fxe5 Rd8 25.Kg2 Rxd1 26.Rxd1 Nxe5 27.h3 Nc6 28.Be4
Nxe4 29.fxe4 Qe7 30.Qg3 Qc5 31.Qc7 Kg8 32.Rd7 Qg5+ 33.Qg3 Qc1 34.Qf2 Ne5
35.Rc7 Kg7 36.h4 Qd1 37.Qf4 Qc2+ 38.Kh1 Qb1+ 39.Kg2 Qxa2+ 40.Qf2 Qa3 41.Rxb7
Qd3 42.Qf4 Qd4 43.h5 gxh5 44.Rxa7 Qxa7 45.Qxe5+ Kf8 46.c5 Ke8 47.Qxh5 Qa2+
48.Kf3 Qa3+ 49.Kg4 Qb4 50.Qe5 Qxe4+ 51.Qxe4 {#d} 1/2-1/2

[Event "Ch Greece"]
[Site "masterchessopen.com Kalamata (Greece)"]
[Date "2005.11.18"]
[Round "3"]
[White "Kapnisis Spyridon (GRE)"]
[Black "Kotronias Vasilios (GRE)"]
[Result "0-1"]
[WhiteElo "2427"]
[BlackElo "2626"]

1.d4 Nf6 2.c4 g6 3.Nc3 Bg7 4.e4 d6 5.f4 O-O 6.Nf3 c5 7.dxc5 Qa5 8.Bd3 Qxc5
9.Qe2 Nc6 10.Be3 Qa5 11.O-O Bg4 12.Rac1 Nd7 13.Qf2 Nc5 14.Bb1 Bxf3 15.gxf3 Na4
16.Nd1 b5 17.b3 Nc5 18.cxb5 Qxb5 19.Nc3 Qb7 20.e5 Rad8 21.Bxc5 dxc5 22.Be4 Qd7
23.Rfd1 Nd4 24.Nd5 Qh3 25.Rxc5 Ne6 26.Nxe7+ Kh8 27.Rxd8 Rxd8 28.Rd5 Re8 29.f5
Nf4 30.f6 Bf8 31.Rd2 Bxe7 32.fxe7 Rxe7 33.Qd4 Ne6 34.Qe3 Qh4 35.Bd5 Nf4 36.e6
Qf6 37.Bc4 fxe6 38.Qd4 e5 39.Qd8+ Kg7 40.Rd7 Nh3+ 41.Kg2 Qg5+ 42.Kf1 Qg1+
43.Ke2 Nf4+ 44.Kd2 Rxd7+ 45.Qxd7+ Kh6 46.Qb7 Qxh2+ 47.Ke3 Qc2 48.Bf1 Qc5+ {#R}
0-1

[Event "Czech League 2005/06 (2nd) (f)"]
[Site "masterchessopen.com Czech Republic"]
[Date "2005.12.04"]
[Round "4"]
[White "Slovak Petr (CZE)"]
[Black "Helis Tadeusz (POL)"]
[Result "0-1"]
[WhiteElo "2105"]
[BlackElo "2343"]

1.d4 Nf6 2.c4 g6 3.Nc3 Bg7 4.e4 d6 5.f4 O-O 6.Nf3 c5 7.dxc5 Qa5 8.Bd3 Qxc5
9.Qe2 Nc6 10.Be3 Qa5 11.Rc1 Bg4 12.O-O Nd7 13.Qf2 Bxf3 14.gxf3 Nc5 15.Bb1 Na4
16.Nxa4 Qxa4 17.h4 Qb4 18.b3 a5 19.c5 dxc5 20.Rc4 Qb6 21.Bxc5 Qb5 22.e5 a4
23.Rxa4 Rxa4 24.bxa4 Qxa4 25.Be4 Rc8 26.Rc1 e6 27.Qb2 Na5 28.Bf2 Rd8 29.Kg2
Bf8 30.Qb6 Rd2 31.Rc8 Kg7 32.Ra8 Nc4 33.Qxb7 Qd1 34.Qc8 Be7 35.Qxc4 Bxh4
36.Qc5 Rxf2+ 37.Qxf2 Bxf2 38.Kxf2 Qd2+ 39.Kg3 Qe1+ 40.Kg2 h5 41.a4 h4 42.Rc8
Qg3+ 43.Kh1 Qxf4 44.Rc2 Qxe5 45.Ra2 Qa5 46.Bc6 f5 47.f4 Qc7 {#R} 0-1

[Event "Bayern Landesliga North 2005/06"]
[Site "masterchessopen.com Bayern (Germany)"]
[Date "2005.12.11"]
[Round "4"]
[White "Wutz Christoph (GER)"]
[Black "Rink Christian (GER)"]
[Result "1/2-1/2"]
[WhiteElo "2209"]
[BlackElo "2161"]

1.d4 Nf6 2.c4 g6 3.Nc3 Bg7 4.e4 O-O 5.f4 d6 6.Nf3 c5 7.dxc5 Qa5 8.Bd3 Qxc5
9.Qe2 Nc6 10.Be3 Qa5 11.O-O Bg4 12.Rac1 e5 13.f5 gxf5 14.exf5 e4 15.Nxe4 Nxe4
16.Bxe4 Rfe8 17.Bxc6 bxc6 18.Qf2 Qxf5 {#d} 1/2-1/2

[Event "Ch Australia (juniors)"]
[Site "masterchessopen.com Brisbane (Australia)"]
[Round "4"]
[White "Cronan James (AUS)"]
[Black "Suttor Vincent (AUS)"]
[Result "1/2-1/2"]
[WhiteElo "2093"]
[BlackElo "2128"]

1.d4 Nf6 2.c4 g6 3.Nc3 Bg7 4.e4 d6 5.f4 O-O 6.Nf3 c5 7.dxc5 Qa5 8.Bd3 Qxc5
9.Qe2 Nc6 10.Be3 Qa5 11.O-O Bg4 12.a3 Nd7 13.b4 Qd8 14.Rac1 a5 15.Qb2 Bxf3
16.Rxf3 axb4 17.axb4 Nb6 18.Qf2 Na4 19.Nd5 e6 20.b5 exd5 21.bxc6 bxc6 22.cxd5
cxd5 23.exd5 Rc8 24.Rxc8 Qxc8 25.Bd4 Bxd4 26.Qxd4 Qc5 27.Qxc5 Nxc5 28.Re3 Rb8
29.Be2 Kf8 30.Kf2 Rb4 31.Kg3 Ne4+ 32.Kf3 Nf6 33.Rd3 Rb5 34.Ra3 Rxd5 35.Ra8+
Kg7 36.Rd8 Rd4 37.g3 d5 38.Ke3 Re4+ 39.Kf3 Ra4 40.Kf2 Ra2 41.Kf3 h5 42.h3 Ra3+
43.Kg2 Ra5 44.g4 hxg4 45.hxg4 Ne4 46.Bd3 Nf6 47.Be2 Ra4 48.g5 Ne4 49.Bf3 Nc3
50.Kg3 Rd4 51.Kg4 Rd3 52.Kg3 d4 53.Kg4 Rd2 54.Bc6 Nd1 55.Bb5 Ne3+ 56.Kf3 Nf5
57.Bc4 Rc2 58.Bd3 Rc3 59.Ke2 Rc5 60.Bxf5 Rxf5 61.Rxd4 Ra5 62.Kf3 Ra7 63.Re4
Rb7 64.Rc4 Re7 65.Rc6 {#d} 1/2-1/2

[Event "Ch Mexico"]
[Site "masterchessopen.com Mexico City (Mexico)"]
[Date "2006.04.12"]
[Round "2"]
[White "Capo Vidal Uriel (MEX)"]
[Black "Caceres Cortes Julio (CAN)"]
[Result "1/2-1/2"]
[WhiteElo "2385"]
[BlackElo "2133"]

1.d4 Nf6 2.c4 g6 3.Nc3 Bg7 4.e4 d6 5.f4 O-O 6.Nf3 c5 7.dxc5 Qa5 8.Bd3 Qxc5
9.Qe2 Nc6 10.Be3 Qa5 11.Rc1 Bd7 12.h3 Rac8 13.O-O Nh5 14.Qf2 f5 15.exf5 Nb4
16.Be2 gxf5 17.Nd4 Nf6 18.Nb3 Qd8 19.a3 Nc6 20.Bf3 b6 21.Rfd1 Qe8 22.Nd2 Na5
23.Be2 Ba4 24.Nxa4 Qxa4 25.Bd3 e6 26.Bc2 Qe8 27.b3 Kh8 28.Nf3 Ne4 29.Bxe4 fxe4
30.Ng5 Nxb3 31.Rb1 Na5 32.Rxd6 Rf6 33.Nxe4 Qg6 34.Qf3 Nxc4 35.Rdd1 Nxe3
36.Qxe3 Rcf8 {#d} 1/2-1/2

[Event "Cup Radegast (open)"]
[Site "masterchessopen.com Frydek-Mistek (Czech Republic)"]
[Date "2006.04.14"]
[Round "3"]
[White "Krejci Jan (CZE)"]
[Black "Diviak Rastislav (SVK)"]
[Result "1-0"]
[WhiteElo "1719"]
[BlackElo "1958"]

1.d4 Nf6 2.c4 g6 3.Nc3 Bg7 4.e4 d6 5.f4 O-O 6.Nf3 c5 7.dxc5 Qa5 8.Bd3 Qxc5
9.Qe2 Nc6 10.Be3 Qa5 11.O-O Bd7 12.Rac1 a6 13.Kh1 Rac8 14.a3 Bg4 15.Nd5 Nxd5
16.exd5 Nd4 17.Bxd4 Bxd4 18.Rce1 Bf6 19.h3 Bxf3 20.Qxf3 Qb6 21.b4 Qa7 22.Re3
b5 23.cxb5 Bd4 24.Re4 axb5 25.Bxb5 Rc3 26.Qe2 Rxa3 27.Rxe7 Qb6 28.Be8 Re3
29.Rxe3 Bxe3 30.Bc6 Qd4 31.Qf3 f5 32.b5 Rf7 33.Rd1 Qb6 34.Re1 Bc5 35.Qe2 Qa7
36.Qe6 Kg7 37.Qe2 Kg8 38.h4 Qb8 39.Qb2 Rf8 40.Re7 {#r} 1-0

[Event "It (open) (b)"]
[Site "masterchessopen.com Ditzingen (Germany)"]
[Date "2006.05.28"]
[Round "7"]
[White "Kreiter Thomas (GER)"]
[Black "Ress Jochen"]
[Result "0-1"]
[WhiteElo "1728"]
[BlackElo "1736"]

1.d4 g6 2.c4 Nf6 3.Nc3 Bg7 4.e4 d6 5.f4 O-O 6.Nf3 c5 7.dxc5 Qa5 8.Bd3 Qxc5
9.Qe2 Nc6 10.Be3 Qa5 11.O-O Bg4 12.h3 Bxf3 13.Qxf3 Nb4 14.Qe2 Nxd3 15.Qxd3
Rac8 16.a3 Qc7 17.Nd5 Qxc4 18.Nxe7+ Kh8 19.Rad1 Qxd3 20.Rxd3 Rce8 21.Nd5 Nxe4
22.b4 a6 23.Bb6 Rc8 24.Nc7 Rfd8 25.Re1 f5 26.Ne6 Rd7 27.Nxg7 Kxg7 28.g4 Kf6
29.Red1 Rc6 30.Bc5 Nxc5 31.bxc5 Rxc5 32.Rxd6+ Rxd6 33.Rxd6+ Ke7 34.Rb6 Rb5
35.Rxb5 axb5 36.Kf2 Kd6 37.Ke3 Kc5 38.Kd3 b4 39.a4 b3 40.Kc3 b2 41.Kxb2 Kb4
{#R} 0-1

[Event "Tournament (open)"]
[Site "masterchessopen.com Pszczyna (Poland)"]
[Date "2006.07.20"]
[Round "5"]
[White "Pazdziora Michal (POL)"]
[Black "Banasik Henryk (POL)"]
[Result "1/2-1/2"]
[WhiteElo "2191"]
[BlackElo "2114"]

1.d4 Nf6 2.c4 g6 3.Nc3 Bg7 4.e4 d6 5.f4 c5 6.dxc5 Qa5 7.Bd3 Qxc5 8.Nf3 O-O
9.Qe2 Nc6 10.Be3 Qa5 11.Rc1 e5 12.O-O Ng4 13.Bd2 exf4 14.Bxf4 Nge5 15.Rfd1 Bg4
16.Qf2 f5 17.Bxe5 dxe5 18.a3 Nd4 19.Ne2 fxe4 20.Bxe4 Qb6 21.Nexd4 exd4 22.c5
Qa6 23.Bd5+ Kh8 24.Rxd4 Be6 25.c6 Bxd5 26.Rxd5 bxc6 27.Rd6 Rac8 28.Rdxc6 Rxc6
29.Rxc6 Qxc6 {#d} 1/2-1/2

[Event "It (open)"]
[Site "masterchessopen.com Stare Mesto (Czech Republic)"]
[Date "2006.08.17"]
[Round "8"]
[White "Vokac Marek (CZE)"]
[Black "Lyanguzov Oleg (RUS)"]
[Result "1-0"]
[WhiteElo "2507"]
[BlackElo "2337"]

1.d4 Nf6 2.c4 g6 3.Nc3 Bg7 4.e4 d6 5.f4 O-O 6.Nf3 c5 7.dxc5 Qa5 8.Bd3 Qxc5
9.Qe2 Nc6 10.Be3 Qa5 11.O-O Bd7 12.Kh1 Rfc8 13.Rac1 Be8 14.Bb1 a6 15.Rfd1 Rab8
16.Nd5 Nd7 17.b4 Qd8 18.a3 b6 19.Qf2 e6 20.Nc3 Qe7 21.Qd2 Nd8 22.Bd3 Nb7
23.Bf1 Ra8 24.Na4 Qd8 25.Qf2 Ndc5 26.Nxc5 bxc5 27.e5 Qc7 28.exd6 Nxd6 29.Bd3
cxb4 30.axb4 Bc6 31.b5 Bxf3 32.Qxf3 axb5 33.cxb5 Qb8 34.Rxc8+ Nxc8 35.Bf1 Bf6
36.f5 exf5 37.Qc6 Kg7 38.b6 Nxb6 39.Bxb6 Ra1 40.Rxa1 Bxa1 41.Bg1 Qe5 42.Qd7
Qe6 43.Qd1 Bc3 44.Bb5 Qe1 45.Qd3 Be5 46.Qc4 Qc3 47.Qd5 Qe1 48.g3 Qe4+ 49.Qxe4
fxe4 50.Bb6 f5 51.Kg2 g5 52.Bd7 Kg6 53.h3 h5 54.Be8+ Kh6 55.Bc5 f4 56.g4 hxg4
57.hxg4 Kg7 58.Bc6 e3 59.Kf3 Kf6 60.Bb5 Bc3 61.Ke4 Bb2 62.Bd4+ {#r} 1-0

[Event "Ch Pan-American (juniors) (under 20)"]
[Site "masterchessopen.com Bogota (Colombia)"]
[Date "2006.09.06"]
[Round "6"]
[White "Capo Vidal Uriel (MEX)"]
[Black "Alvarez Javier (COL)"]
[Result "1-0"]
[WhiteElo "2385"]
[BlackElo "2071"]

1.d4 Nf6 2.c4 g6 3.Nc3 Bg7 4.e4 d6 5.f4 O-O 6.Nf3 c5 7.dxc5 Qa5 8.Bd3 Qxc5
9.Qe2 Nc6 10.Be3 Qa5 11.Rc1 Ng4 12.Bd2 f5 13.O-O Nd4 14.Nxd4 Bxd4+ 15.Kh1 Qd8
16.h3 Nf6 17.exf5 gxf5 18.b3 Bd7 19.Rce1 Rf7 20.Nb5 Bb6 21.Bc3 Ne8 22.Rf3 a6
23.Rg3+ Kf8 24.Qh5 e6 25.Nd4 Bxd4 26.Bxd4 Qa5 27.Re2 Rd8 28.Qh6+ Ke7 29.Rg8
Bc8 30.Rh8 Nf6 31.b4 Qa4 32.Bxf6+ Rxf6 33.Qg7+ Rf7 34.Qg5+ Rf6 35.Rxh7+ {#r}
1-0

[Event "Ch Switzerland (team) 2006"]
[Site "masterchessopen.com Switzerland"]
[Date "2006.09.30"]
[Round "8"]
[White "Gabriel Christian (GER)"]
[Black "Gallagher Joseph G (SUI)"]
[Result "1-0"]
[WhiteElo "2540"]
[BlackElo "2520"]

{ Gabriel Christian (GER) +8 =6 -0 Gallagher Joseph G (SUI) +4 =2 -1 } 1.d4
Nf6 2.c4 g6 3.Nc3 Bg7 4.e4 d6 5.f4 O-O 6.Nf3 c5 ( 6...Na6 7.Bd3 Bg4 8.O-O Nd7
9.Be3 e5 10.fxe5 c5 11.d5 Nxe5 12.Be2 Nxf3+ 13.Bxf3 Bxf3 14.Qxf3 Qe7 15.Bf4
Nc7 16.Qg3 Rad8 17.Kh1 Bd4 18.Rae1 f6 19.Ne2 Be5 20.Ng1 Bxf4 21.Qxf4 Na6
22.Qd2 Rde8 23.Nf3 Nb8 24.b3 Nd7 25.Qc3 Ne5 26.Nd2 { ...1/2-1/2, Parker
Jonathan 2539 - Gallagher Joseph G 2511 , England 2001 Ch England (team)
2001/02 } ) 7.dxc5 Qa5 8.Bd3 Qxc5 9.Qe2 Nc6 10.Be3 Qa5 11.Rc1 Bg4 12.O-O Nd7
13.Qf2 Nc5 14.Bb1 Bxf3 ( 14...Rac8 15.Rfd1 Na4 16.Rd5 Qa6 17.Nd1 Nb6 18.b3
Bxf3 19.gxf3 Nxd5 20.exd5 Nb8 21.Nc3 Qa5 22.Ne4 Nd7 23.f5 b5 24.fxg6 fxg6
25.Ng5 Nf6 26.Qh4 bxc4 27.bxc4 Qa3 28.Re1 Qc3 29.Bd4 Rxc4 30.Ne6 Rxd4 31.Nxd4
g5 32.Ne2 Qe3+ 33.Qf2 Qxf2+ 34.Kxf2 { ...0-1, Zimmerman Yuri 2380 - Huberty
Marc 2216 , Budapest 3.1997 It (open) "Budapest Spring" } ) ( 14...Na4 15.Nxa4
Qxa4 16.b3 Qa5 17.Rfd1 Bxf3 18.Qxf3 Bb2 19.Rc2 Ba3 20.Rcd2 Bc5 21.h3 Qb6
22.Bf2 a5 23.Bc2 Qb4 24.Kh2 Qa3 25.Bb1 a4 26.Bg1 axb3 27.axb3 Bxg1+ 28.Rxg1 e5
29.fxe5 dxe5 30.Qc3 Nd4 31.Bc2 b5 32.Qg3 bxc4 33.Qxe5 Nxc2 34.Rxc2 { ...0-1,
Simon Jerry C 2169 - Volokitin Andrei 2652 , Southampton 2003 It (open) } ) (
14...Rad8 { +0.00 CAP } ) 15.gxf3 ( 15.Qxf3 Qb4 16.Rf2 Qxc4 17.Nd5 { +0.52 CAP
} ) 15...Na4 { = } ( 15...Rad8 16.Rfd1 { -0.22 CAP } ) 16.Nd1 ( 16.Nxa4 Qxa4
17.b3 Qa5 18.Rfd1 Rad8 { +0.41 CAP } ) 16...Rac8 ( 16...b5 17.b3 Nc5 18.cxb5
Qxb5 19.Nc3 Qb7 20.e5 Rad8 21.Bxc5 dxc5 22.Be4 Qd7 23.Rfd1 Nd4 24.Nd5 Qh3
25.Rxc5 Ne6 26.Nxe7+ Kh8 27.Rxd8 Rxd8 28.Rd5 Re8 29.f5 Nf4 30.f6 Bf8 31.Rd2
Bxe7 32.fxe7 Rxe7 33.Qd4 Ne6 34.Qe3 Qh4 35.Bd5 Nf4 36.e6 { ...0-1, Kapnisis
Spyridon 2427 - Kotronias Vasilios 2626 , Kalamata 18.11.2005 Ch Greece } ) (
16...Nc5 17.Nc3 Na4 18.Nxa4 Qxa4 19.Rfd1 Rfd8 20.h4 Qb4 21.b3 a5 22.c5 a4
23.bxa4 dxc5 24.Bxc5 Qxa4 25.Rxd8+ Rxd8 26.Kg2 Bd4 27.Bxd4 Rxd4 28.Rc2 Rd7
29.Rd2 Rxd2 30.Qxd2 Qb5 31.Bd3 Qc5 32.Bf1 Nd4 33.a4 b6 34.Kg3 Ne6 35.Bh3 Qg1+
36.Bg2 { ...0-1, Milos Gilberto 2605 - Peng Xiaomin 2490 , Groningen 1996 It
(open) } ) 17.Kh1 { -0.26 CAP } ( 17.a3 b5 ( 17...Qh5 18.b4 e6 19.Bd3 d5 20.c5
d4 21.Bd2 Rfd8 22.e5 g5 23.fxg5 Nxe5 24.Be4 Nc3 25.Nxc3 dxc3 26.Rxc3 Rc7
27.Rc2 Rcd7 28.Be3 Nd3 29.Qe2 Bd4 30.Qxd3 { 1-0, Beim Valery 2565 - Lenz
Thomas 2248 , Germany 1998 Bundesliga (2nd) South 1998/99 } ) 18.b4 Qa6 19.Ba2
Nb6 20.cxb5 Qxb5 21.Nc3 Qa6 22.Nb1 Rfd8 23.Rfd1 e6 24.Kh1 d5 25.f5 Ne5 26.fxe6
fxe6 27.Rxc8 Qxc8 28.Bxb6 axb6 29.exd5 exd5 30.Qxb6 Kh8 31.Nd2 Rf8 32.Qc5 Qxc5
33.bxc5 Nd3 34.Kg2 Nxc5 35.Bxd5 Rd8 36.Ne4 Ne6 { ...1/2-1/2, Gabriel Christian
2545 - Leitao Rafael 2335 , Matinhos 1994 Ch World (juniors) (under 20) } )
17...Qd8 { N } ( 17...e6 18.a3 Qc7 19.b3 Nc5 20.Bc2 b6 21.Rg1 Qe7 22.Qd2 Rcd8
23.b4 Nd7 24.Bb3 f5 25.Nc3 Kh8 26.Ba2 fxe4 27.fxe4 Nf6 28.Rcf1 Qb7 29.Qg2 Ne7
30.Bb1 Nh5 31.Ne2 Qc8 32.Bd3 d5 33.cxd5 exd5 34.e5 d4 35.Bd2 Nf5 36.Rc1 Qd7
37.Rc4 { ...1-0, Cicariova Elena 2073 - Szczepkowska Karina 2278 , Chisinau
12. 6.2005 Ch Europe (w) } ) 18.Rg1 e6 19.b3 Nc5 20.Nc3 b6 21.f5 Ne5 22.Qe2
Re8 23.Rg3 Nc6 24.Qd2 Qf6 25.Kg2 a6 26.fxg6 fxg6 27.h4 Kh8 28.Ne2 e5 29.Nc3
Ne6 30.Nd5 Qxh4 { ?! } ( 30...Qf7 { !? } 31.Nxb6 Rb8 32.Nd5 Ncd4 33.Bd3 Rf8
34.Rf1 Nf4+ 35.Kh1 Rb7 { } ) 31.Rh1 Qd8 32.Rxg6 Ncd4 33.Bxd4 Nxd4 34.Rxg7 Kxg7
35.Qh6+ Kg8 36.Qxh7+ Kf8 37.Qg6 { } {#r} 1-0

[Event "Memorial Sinitsina"]
[Site "masterchessopen.com Dnepropetrovsk (Ukraine)"]
[Round "5"]
[White "Marchenko Artem (UKR)"]
[Black "Filonenko Kyryl (UKR)"]
[Result "1/2-1/2"]
[WhiteElo "2152"]
[BlackElo "2207"]

1.d4 Nf6 2.c4 g6 3.Nc3 Bg7 4.e4 d6 5.f4 O-O 6.Nf3 c5 7.dxc5 Qa5 8.Bd3 Qxc5
9.Qe2 Nc6 10.Be3 Qa5 11.O-O Ng4 12.Bd2 Nd4 13.Nxd4 Bxd4+ 14.Kh1 Qc5 15.h3 Nf2+
16.Kh2 Nxd3 17.Qxd3 Be6 18.b3 Bg7 19.Rac1 f5 20.Nd5 Rf7 21.Rfe1 Re8 22.Be3 Qc6
23.Bd4 fxe4 24.Qxe4 Bf5 25.Qe3 e5 26.fxe5 dxe5 27.Bxa7 Be6 28.Nb4 Qc7 29.Rcd1
Qe7 30.Nd5 Qh4 31.Qe4 Qh5 32.Qe2 Qh4 33.Rf1 Bf5 34.Bf2 Qg5 35.Be3 Qh4 36.Qf2
Qd8 37.Bb6 Qc8 38.Qc5 Qxc5 39.Bxc5 h5 40.Be3 Ra8 41.Rf2 Raf8 42.Bg5 Be6
43.Rxf7 Rxf7 44.Kg1 Kh7 45.a4 Bf5 46.Ne3 Be4 47.Rd6 Bc6 48.Nd5 Bf8 49.Rd8 Bc5+
50.Kh2 Kg7 51.Be3 Bxd5 52.Bxc5 Bc6 53.a5 Rf4 54.Rd6 Rf6 55.Rd2 Rf4 56.Rd8 Re4
57.Rd2 Kf7 58.Rc2 Re1 59.b4 Be4 60.Rf2+ Ke6 61.b5 Ra1 62.Bb4 Bd3 63.Rd2 Bxc4
64.Rd6+ Kf5 65.a6 bxa6 66.b6 Rb1 67.Bc3 Rb3 68.Be1 e4 69.Rd4 Be6 70.Bb4 Bc8
71.Bc5 Ke5 72.Rd8 Bb7 73.Rd7 Bd5 74.Re7+ Kf4 75.Rd7 Ke5 76.Re7+ Kf4 77.Rd7 Ke5
78.Re7+ {#d} 1/2-1/2

[Event "It (open)"]
[Site "masterchessopen.com Morelia (Mexico)"]
[Date "2007.02.17"]
[Round "5"]
[White "Capo Vidal Uriel (MEX)"]
[Black "Magana Francisco (MEX)"]
[Result "1-0"]
[WhiteElo "2356"]
[BlackElo "2274"]

1.d4 Nf6 2.c4 g6 3.Nc3 Bg7 4.e4 d6 5.f4 O-O 6.Nf3 c5 7.dxc5 Qa5 8.Bd3 Qxc5
9.Qe2 Nc6 10.Be3 Qa5 11.Rc1 Bg4 12.O-O Rac8 13.Rfd1 Qh5 14.Qf2 Bxf3 15.gxf3
Nd7 16.Bb1 Rfd8 17.Rd5 Qh3 18.Rg5 Nc5 19.Kh1 e6 20.Rcg1 Bf6 21.R5g4 b6 22.R1g3
Qh6 23.e5 Bh8 24.f5 Qf8 25.fxg6 fxg6 26.Bxg6 hxg6 27.Rxg6+ Kf7 28.Bh6 Qe7
29.Rg7+ Bxg7 30.Rxg7+ Ke8 31.Rxe7+ Nxe7 32.Bg5 Kf7 33.Bxe7 Kxe7 34.b4 Nd7
35.Qh4+ Kf7 36.Qh7+ Kf8 37.exd6 Ne5 38.Qh8+ {#r} 1-0

[Event "Ch Poland (juniors) (under 18)"]
[Site "masterchessopen.com Leba (Poland)"]
[Date "2007.03.28"]
[Round "7"]
[White "Pazdziora Michal (POL)"]
[Black "Plichta Kamil (POL)"]
[Result "1-0"]
[WhiteElo "2172"]
[BlackElo "1990"]

1.d4 Nf6 2.c4 g6 3.Nc3 Bg7 4.e4 d6 5.f4 O-O 6.Nf3 c5 7.dxc5 Qa5 8.Bd3 Qxc5
9.Qe2 Nc6 10.Be3 Qa5 11.Rc1 Bd7 12.O-O Ng4 13.Bd2 Nd4 14.Nxd4 Bxd4+ 15.Kh1 Qh5
16.h3 Nf2+ 17.Rxf2 Bxf2 18.Qxf2 Bxh3 19.Kg1 Bd7 20.Nd5 Rae8 21.f5 Qg4 22.Bh6
b6 23.Qd2 f6 24.Bxf8 Kxf8 25.Qh6+ Kg8 26.fxg6 hxg6 27.Rf1 Be6 28.Rxf6 Qd1+
29.Rf1 {#r} 1-0

[Event "Ch Poland (juniors) (under 16)"]
[Site "masterchessopen.com Leba (Poland)"]
[Date "2007.03.29"]
[Round "8"]
[White "Sieciechowicz Marcin (POL)"]
[Black "Plonczak Dominik (POL)"]
[Result "1-0"]
[WhiteElo "2246"]
[BlackElo "2138"]

1.d4 Nf6 2.c4 g6 3.Nc3 Bg7 4.e4 d6 5.f4 O-O 6.Nf3 c5 7.dxc5 Qa5 8.Bd3 Qxc5
9.Qe2 Nc6 10.Be3 Qa5 11.O-O Ng4 12.Bd2 Qb6+ 13.Kh1 Qxb2 14.Nb5 a6 15.Rfb1 Qxa1
16.Rxa1 Bxa1 17.Nc7 Rb8 18.h3 Nf6 19.Qe1 Bb2 20.Qb1 Ba3 21.Bc3 Bd7 22.Qb3 Bc5
23.Bxf6 exf6 24.Nd5 Kg7 25.Qc3 Ne5 26.fxe5 fxe5 27.Nxe5 dxe5 28.Qxe5+ f6
29.Qc7 Bd4 30.Qxd7+ Rf7 31.Qd6 Be5 32.Qe6 Bd4 33.a4 Rd8 34.a5 Rdd7 35.Bc2 Rd8
36.Ba4 Bc5 37.h4 h5 38.e5 Bd4 39.Be8 Rxe8 40.Qxe8 fxe5 41.Ne7 Kf6 42.Nd5+ Kg7
43.Kh2 Rf8 44.Qe6 Rf1 45.Ne7 Bg1+ 46.Kh3 Bf2 47.g3 Rg1 48.Qxg6+ Kf8 49.Qf6+
Ke8 50.Qxf2 Rh1+ 51.Kg2 {#r} 1-0

[Event "It (open) \"]
[Site "masterchessopen.com Frydek-Mistek (Czech Republic)"]
[Date "2007.04.07"]
[Round "5"]
[White "Trepka Jan (CZE)"]
[Black "Kuchynka Lukas (CZE)"]
[Result "0-1"]
[WhiteElo "2073"]
[BlackElo "2188"]

1.d4 Nf6 2.c4 g6 3.Nc3 Bg7 4.e4 d6 5.f4 O-O 6.Nf3 c5 7.dxc5 Qa5 8.Bd3 Qxc5
9.Qe2 Nc6 10.Be3 Qa5 11.Rc1 Bg4 12.O-O Nd7 13.Qd2 Bxf3 14.gxf3 Nc5 15.Bc2 Bxc3
16.Qxc3 Qxc3 17.bxc3 Na5 18.Bxc5 dxc5 19.Bb3 Rfd8 20.Rfd1 e6 21.Kf2 Kf8 22.Kg3
Ke7 23.Kg4 f6 24.Kg3 Rxd1 25.Rxd1 Rd8 26.Rxd8 Kxd8 27.h4 Ke7 28.e5 Kd7 29.h5
Ke7 30.hxg6 hxg6 31.Kf2 Nc6 32.Ba4 Na5 33.Bb3 Kf7 34.Ke3 Nxb3 35.axb3 a5 36.b4
a4 37.Kd3 fxe5 38.fxe5 g5 39.Kc2 Kg6 40.Kb2 Kf5 41.Ka3 Kf4 42.Kxa4 Kxf3 43.Kb5
cxb4 44.cxb4 g4 45.Kb6 g3 46.Kxb7 g2 47.c5 g1=Q 48.c6 Qb1 {#R} 0-1

[Event "Cup Macedonia (team)"]
[Site "masterchessopen.com Skopje (Macedonia)"]
[Date "2007.04.25"]
[Round "1"]
[White "Miskoski Misko (MKD)"]
[Black "Todorovski Ilija (MKD)"]
[Result "1/2-1/2"]
[WhiteElo "2015"]
[BlackElo "2118"]

1.d4 Nf6 2.c4 g6 3.Nc3 Bg7 4.e4 d6 5.f4 O-O 6.Nf3 c5 7.dxc5 Qa5 8.Bd3 Qxc5
9.Qe2 Nc6 10.Be3 Qa5 11.O-O Be6 12.Nd5 Bxd5 13.exd5 Nb4 14.Rad1 Ng4 15.a3 Nxd3
16.Rxd3 Nxe3 17.Rxe3 Bf6 18.g4 Rfe8 19.Kh1 Rac8 20.g5 Bg7 21.f5 Qc5 22.b3 Rc7
23.Nd2 Be5 24.Qf3 Rf8 25.Ne4 Qd4 26.f6 Kh8 27.Rd3 Qb2 28.Rd2 Qxa3 29.Qh3 h5
30.Rd3 a5 31.Ng3 Bxg3 32.hxg3 {#d} 1/2-1/2

[Event "Ch Ukraine (qual)"]
[Site "masterchessopen.com Alushta (Ukraine)"]
[Date "2007.05.17"]
[Round "7"]
[White "Khudiakov Alexandr (UKR)"]
[Black "Andreev Volodymyr (UKR)"]
[Result "1-0"]
[WhiteElo "2166"]
[BlackElo "1905"]

1.d4 Nf6 2.c4 g6 3.Nc3 Bg7 4.e4 d6 5.f4 O-O 6.Nf3 c5 7.dxc5 Qa5 8.Bd3 Qxc5
9.Qe2 Nc6 10.Be3 Qa5 11.O-O Bg4 12.Qf2 Nd7 13.Rac1 Bxf3 14.gxf3 Bxc3 15.Rxc3
b6 16.Kh1 Qh5 17.Rg1 Nc5 18.Bb1 f6 19.Rg4 g5 20.fxg5 Ne5 21.Rg3 Kf7 22.f4 Qd1+
23.Rg1 Qf3+ 24.Qxf3 Nxf3 25.Rg3 Nh4 26.gxf6 Kxf6 27.f5 Rg8 28.Bd4+ e5 29.Bf2
Nxf5 30.exf5 e4 31.Bxc5 dxc5 32.Bxe4 Rae8 33.Rxg8 Rxg8 34.Bd5 Rg4 35.Rh3 Rd4
36.Rxh7 {#r} 1-0

[Event "Ch Skopje"]
[Site "masterchessopen.com Skopje (Macedonia)"]
[Date "2007.06.06"]
[Round "8"]
[White "Miskoski Misko (MKD)"]
[Black "Larrachea Enrique (CHI)"]
[Result "1-0"]
[WhiteElo "2015"]
[BlackElo "2300"]

1.d4 Nf6 2.c4 g6 3.Nc3 Bg7 4.e4 d6 5.f4 O-O 6.Nf3 c5 7.dxc5 Qa5 8.Bd3 Qxc5
9.Qe2 Nc6 10.Be3 Qa5 11.O-O Ng4 12.Bd2 Qh5 13.Qe1 Nd4 14.Qg3 Bf6 15.f5 Kh8
16.h3 Nxf3+ 17.Qxf3 Bd4+ 18.Kh1 gxf5 19.exf5 Rg8 20.Nd5 Nf6 21.Nxe7 Re8 22.Nd5
Qxf3 23.Rxf3 Nxd5 24.cxd5 f6 25.Rc1 Bb6 26.Bb4 Bd7 27.Bxd6 Rac8 28.Rff1 Bd4
29.b3 Bb2 30.Rxc8 Bxc8 31.Bf4 Bd7 32.g4 Kg7 33.d6 Bc6+ 34.Kh2 Ba3 35.Bc4 Re4
36.Be6 Rxf4 37.Rxf4 Bxd6 38.Kg3 h5 39.h4 Be8 40.g5 fxg5 41.hxg5 h4+ 42.Kf3
Bc6+ 43.Ke3 h3 44.f6+ Kg6 45.Bxh3 Kxg5 46.Rf1 Bc5+ 47.Kd2 Bb4+ 48.Kd1 Kg6
49.f7 Kg7 50.Be6 Bc5 51.Rf5 Bf8 52.a4 Be4 53.Rf4 Bg6 54.Ke2 Bd6 {#r} 1-0